000 00568nam a2200205Ia 4500
005 20250326142251.0
008 250326s9999 xx 000 0 und d
020 _a9971-47-008-X
037 _aTextbook
040 _aFMSL
_beng
_cFMSL
041 _aeng
_2eng
084 _aX:8ogB M7
_qFMSL
100 _aAnderson D R
_9298058
245 0 _aQuantitative methods for business
_cAnderson D R
250 _a3
260 _aUnited Kingdom
_bUnited Kingdom, Harper & Row
_c1986
300 _a772p
942 _cTB
_hX:8ogB M7
999 _c1294213
_d1294213